[Event "Stepichev Memorial 12th"]
[Site "Kiev"]
[Date "2004.12.25"]
[Round "5"]
[White "Ianovsky, Alexander"]
[Black "Dolzhikova, Kateryna"]
[Result "1/2-1/2"]
[WhiteElo "2328"]
[BlackElo "2244"]
[PlyCount "92"]
[EventDate "2004.12.21"]
[EventType "swiss"]
[EventRounds "9"]
[EventCountry "UKR"]
[SourceTitle "CBM 104 Extra"]
[Source "ChessBase"]
[SourceDate "2005.03.01"]
[SourceVersion "1"]
[SourceVersionDate "2005.03.01"]
[SourceQuality "1"]

1. c4 Nf6 2. Nc3 d6 3. g3 g6 4. Bg2 Bg7 5. d3 0-0 6. Bd2 c6 7. Qc1 e5 8. Bh6 d5 9. Bxg7 Kxg7 10. cxd5 cxd5 11. Nf3 Nc6 12. 0-0 h6 13. d4 e4 14. Ne5 Nxd4 15. Rd1 Qc7 16. Rxd4 Qxe5 17. Nb5 Bf5 18. Qf4 Qxf4 19. gxf4 Rfc8 20. Nc3 Rc5 21. Rad1 Rac8 22. e3 b5 23. Bf1 a6 24. Be2 Bh3 25. f3 Bf5 26. Kf2 exf3 27. Bxf3 Ne4+ 28. Bxe4 Bxe4 29. Ke2 Rxc3 30. bxc3 Rxc3 31. a4 bxa4 32. Rxa4 Bc2 33. Rc1 Rxe3+ 34. Kxe3 Bxa4 35. Kd4 Bb3 36. Rc6 Bc4 37. h4 a5 38. Rc5 a4 39. Ra5 Bb3 40. Ra6 f6 41. Ra7+ Kg8 42. Kc3 g5 43. fxg5 hxg5 44. hxg5 fxg5 45. Rb7 g4 46. Rb4 Bd1 1/2-1/2

[Event "Stepichev Memorial 12th"]
[Site "Kiev"]
[Date "2004.12.23"]
[Round "3"]
[White "Ianovsky, Alexander"]
[Black "Leshchenko, Vasilij"]
[Result "1/2-1/2"]
[WhiteElo "2328"]
[BlackElo "2145"]
[PlyCount "110"]
[EventDate "2004.12.21"]
[EventType "swiss"]
[EventRounds "9"]
[EventCountry "UKR"]
[SourceTitle "CBM 104 Extra"]
[Source "ChessBase"]
[SourceDate "2005.03.01"]
[SourceVersion "1"]
[SourceVersionDate "2005.03.01"]
[SourceQuality "1"]

1. e4 c5 2. Nf3 Nc6 3. d4 cxd4 4. Nxd4 Nf6 5. Nc3 d6 6. Bg5 h6 7. Bh4 a6 8. Bc4 e6 9. f4 Be7 10. e5 Nxd4 11. Qxd4 dxe5 12. Qxd8+ Bxd8 13. fxe5 Ng4 14. Bxd8 Nxe5 15. Bxa6 Rxa6 16. Bc7 Nc4 17. 0-0-0 0-0 18. Rd8 Rc6 19. Rxf8+ Kxf8 20. Bg3 f6 21. Re1 e5 22. b3 Na3 23. Kb2 Bf5 24. Bxe5 Nxc2 25. Rf1 Bd3 26. Rd1 Bg6 27. Bf4 Ke7 28. a3 Re6 29. Bc1 Re1 30. Nd5+ Kf7 31. Rxe1 Nxe1 32. Kc3 Nxg2 33. a4 Ke6 34. Kc4 Bc2 35. Nc7+ Kd7 36. Nb5 f5 37. Kc3 Be4 38. Kd4 g5 39. a5 Ne1 40. Nc3 Bc2 41. b4 Nf3+ 42. Kc5 Kc7 43. Nd5+ Kb8 44. b5 f4 45. Nxf4 Nxh2 46. Kb6 Be4 47. a6 bxa6 48. bxa6 Nf3 49. Ne6 Ne5 50. Nxg5 Nd7+ 51. Ka5 hxg5 52. Bxg5 Bd3 53. Bf4+ Ka8 54. Bd6 Ka7 55. Bf4 Bxa6 1/2-1/2

[Event "Kiev Independence Cup-A 4th"]
[Site "Kiev"]
[Date "2004.08.21"]
[Round "11"]
[White "Shianovsky, Vladislav I"]
[Black "Ianovsky, Alexander"]
[Result "1/2-1/2"]
[WhiteElo "2273"]
[BlackElo "2248"]
[PlyCount "116"]
[EventDate "2004.08.11"]
[EventType "swiss"]
[EventRounds "11"]
[EventCountry "UKR"]
[SourceTitle "EXT 2005"]
[Source "ChessBase"]
[SourceDate "2004.11.15"]
[SourceVersion "1"]
[SourceVersionDate "2004.11.15"]
[SourceQuality "1"]

1. e4 c5 2. Nf3 d6 3. d4 cxd4 4. Nxd4 Nf6 5. Nc3 g6 6. f4 Nc6 7. Nf3 Bg7 8. Bd3 0-0 9. 0-0 b5 10. Qe2 b4 11. Nd5 Bb7 12. Kh1 Nxd5 13. exd5 Nd4 14. Nxd4 Bxd4 15. Bc4 Rc8 16. Qd3 Qb6 17. Rd1 Bg7 18. a3 a5 19. axb4 axb4 20. Bb3 Ra8 21. Be3 Qc7 22. Rxa8 Rxa8 23. Bd4 Bxd4 24. Qxd4 Qc5 25. Qd2 Bc8 26. h3 Bf5 27. Re1 Ra7 28. g4 Bc8 29. Kh2 Ba6 30. Re4 Bb5 31. Rxb4 Bd7 32. Rb8+ Kg7 33. Qc3+ Qxc3 34. bxc3 Rc7 35. c4 h6 36. g5 hxg5 37. fxg5 Bf5 38. Rb6 Ra7 39. Kg3 Ra3 40. Kg2 Bxc2 41. Bxc2 Ra2 42. Rc6 Rxc2+ 43. Kg3 Rc3+ 44. Kg4 f5+ 45. gxf6+ Kxf6 46. h4 Rd3 47. Rc8 Rd4+ 48. Kg3 Re4 49. Rc7 Kf5 50. c5 Re3+ 51. Kf2 Re5 52. cxd6 exd6 53. Rf7+ Kg4 54. Rg7 Rf5+ 55. Ke3 Rf3+ 56. Ke4 Rf4+ 57. Ke3 Rf3+ 58. Ke4 Rf4+ 1/2-1/2

[Event "Kiev Independence Cup-A 4th"]
[Site "Kiev"]
[Date "2004.08.19"]
[Round "9"]
[White "Dolzhikova, Kateryna"]
[Black "Ianovsky, Alexander"]
[Result "1/2-1/2"]
[WhiteElo "2112"]
[BlackElo "2248"]
[PlyCount "127"]
[EventDate "2004.08.11"]
[EventType "swiss"]
[EventRounds "11"]
[EventCountry "UKR"]
[SourceTitle "EXT 2005"]
[Source "ChessBase"]
[SourceDate "2004.11.15"]
[SourceVersion "1"]
[SourceVersionDate "2004.11.15"]
[SourceQuality "1"]

1. e4 c5 2. Nf3 d6 3. d4 cxd4 4. Nxd4 Nf6 5. Nc3 g6 6. Be3 Bg7 7. f3 0-0 8. Qd2 Nc6 9. 0-0-0 d5 10. exd5 Nxd5 11. Nxc6 bxc6 12. Bd4 e5 13. Bc5 Be6 14. Ne4 h6 15. Bc4 Re8 16. h4 f5 17. Nd6 Bf8 18. Nb7 Qf6 19. Rde1 Bg7 20. c3 Nb6 21. Bxe6+ Qxe6 22. Qd6 Qxa2 23. Bxb6 axb6 24. Qxg6 Qb3 25. Kb1 Re6 26. Qxf5 Re7 27. Nd6 Rea7 28. Kc1 Ra1+ 29. Kd2 Qd5+ 30. Kc2 Rxe1 31. Rxe1 Qxd6 32. Rd1 Qf8 33. Qe6+ Kh8 34. Qxc6 Qf5+ 35. Kb3 Qf7+ 36. Kc2 Qa7 37. Rd6 Qa4+ 38. Qxa4 Rxa4 39. b4 Ra2+ 40. Kb3 Rxg2 41. Rxb6 Rg3 42. b5 Rxf3 43. Re6 e4 44. Rxe4 Rxc3+ 45. Kb4 Rc1 46. b6 Kh7 47. Kb5 Rb1+ 48. Kc6 Kg6 49. b7 Kf5 50. Re1 Rb4 51. Rg1 Be5 52. h5 Re4 53. Kd5 Rd4+ 54. Kc6 Rh4 55. Rb1 Bb8 56. Rf1+ Kg5 57. Rf8 Bh2 58. Rf2 Be5 59. Re2 Bb8 60. Re8 Bf4 61. Re4 Bg3 62. Re3 Bh2 63. Re2 Bb8 64. Re8 1/2-1/2